[Event "GER-ch 2014-A-V8 serv"]
[Site "GER email"]
[Date "2014.02.14"]
[Round "?"]
[White "Seyb, Norbert"]
[Black "Kuhn, Wilfried"]
[Result "1/2-1/2"]
[WhiteElo "1771"]
[BlackElo "1897"]
[PlyCount "66"]
[EventDate "2014.02.24"]
[EventType "tourn (corr)"]
[EventRounds "6"]
[EventCountry "GER"]
[SourceTitle "Corr 2015"]
[Source "ChessBase"]
[SourceDate "2015.07.17"]
[SourceVersion "1"]
[SourceVersionDate "2015.07.17"]
[SourceQuality "1"]

1. e4 c5 2. c3 Nf6 3. e5 Nd5 4. d4 cxd4 5. cxd4 e6 6. Nf3 d6 7. Nc3 Nxc3 8. bxc3 Qc7 9. Bd2 Nd7 10. Bb5 dxe5 11. Nxe5 Be7 12. 0-0 0-0 13. f4 a6 14. Bd3 g6 15. Qe2 Nf6 16. Rab1 b6 17. a4 Bb7 18. Rfe1 b5 19. axb5 axb5 20. Rxb5 Ba6 21. Rb2 Bxd3 22. Qxd3 Rfb8 23. Rxb8+ Rxb8 24. Rb1 Rxb1+ 25. Qxb1 Bd6 26. c4 Qa7 27. Be3 Qa3 28. Bf2 Qc3 29. c5 Bc7 30. g3 Kg7 31. Qe1 Qc2 32. Kf1 Nd5 33. Qe2 Qb1+ 1/2-1/2

[Event "GER MS-183 email"]
[Site "GER email"]
[Date "2013.08.26"]
[Round "?"]
[White "Friedrich, Gerhard"]
[Black "Kuhn, Wilfried"]
[Result "1/2-1/2"]
[WhiteElo "1925"]
[BlackElo "1897"]
[PlyCount "42"]
[EventDate "2013.09.02"]
[EventType "tourn (corr)"]
[EventRounds "6"]
[EventCountry "GER"]
[SourceTitle "Corr 2015"]
[Source "ChessBase"]
[SourceDate "2015.07.17"]
[SourceVersion "1"]
[SourceVersionDate "2015.07.17"]
[SourceQuality "1"]

1. e4 e5 2. Nf3 Nc6 3. Bb5 Nf6 4. 0-0 Nxe4 5. d4 Nd6 6. Bxc6 dxc6 7. dxe5 Nf5 8. Qxd8+ Kxd8 9. Rd1+ Ke8 10. Nc3 h6 11. b3 Be6 12. Bb2 Be7 13. Ne4 Rd8 14. c4 h5 15. Rxd8+ Kxd8 16. Rd1+ Kc8 17. Nfg5 Bxg5 18. Nxg5 a5 19. Kf1 c5 20. Bc3 b6 21. Nxe6 fxe6 1/2-1/2

[Event "GER MS-183 email"]
[Site "GER email"]
[Date "2013.08.26"]
[Round "?"]
[White "Kuhn, Wilfried"]
[Black "Roeckendorf, Paul Uwe"]
[Result "1/2-1/2"]
[WhiteElo "1897"]
[BlackElo "2139"]
[PlyCount "86"]
[EventDate "2013.09.02"]
[EventType "tourn (corr)"]
[EventRounds "6"]
[EventCountry "GER"]
[SourceTitle "Corr 2015"]
[Source "ChessBase"]
[SourceDate "2015.07.17"]
[SourceVersion "1"]
[SourceVersionDate "2015.07.17"]
[SourceQuality "1"]

1. e4 e5 2. Nf3 Nc6 3. Bb5 Nf6 4. d3 Bc5 5. c3 0-0 6. 0-0 d6 7. h3 Ne7 8. Re1 c6 9. Ba4 Ng6 10. Nbd2 h6 11. Bc2 Bb6 12. Nc4 Bc7 13. d4 Re8 14. Be3 exd4 15. Bxd4 Be6 16. Ne3 Nf4 17. Nf5 c5 18. Be3 Bxf5 19. exf5 N4d5 20. Bd2 Rxe1+ 21. Qxe1 Nb6 22. Qf1 d5 23. Re1 Nc4 24. Bc1 b5 25. g3 a5 26. a4 b4 27. Bb3 Nb6 28. c4 dxc4 29. Bxc4 Nxa4 30. Qe2 Qf8 31. Nh4 Re8 32. Qxe8 Qxe8 33. Rxe8+ Nxe8 34. Bb5 Nxb2 35. Bxb2 Nd6 36. Ba4 Nc4 37. Bc1 Nb6 38. Bd1 c4 39. Be3 b3 40. Bxb6 Bxb6 41. Nf3 a4 42. Nd2 a3 43. Nxb3 cxb3 1/2-1/2

[Event "GER MS-183 email"]
[Site "GER email"]
[Date "2013.08.26"]
[Round "?"]
[White "Rockel, Jens Uwe"]
[Black "Kuhn, Wilfried"]
[Result "1-0"]
[WhiteElo "1970"]
[BlackElo "1897"]
[PlyCount "123"]
[EventDate "2013.09.02"]
[EventType "tourn (corr)"]
[EventRounds "6"]
[EventCountry "GER"]
[SourceTitle "Corr 2015"]
[Source "ChessBase"]
[SourceDate "2015.07.17"]
[SourceVersion "1"]
[SourceVersionDate "2015.07.17"]
[SourceQuality "1"]

1. e4 c5 2. Nf3 d6 3. Bb5+ Nc6 4. 0-0 Bd7 5. Re1 Nf6 6. c3 a6 7. Bf1 Bg4 8. h3 Bxf3 9. Qxf3 g6 10. d3 Bg7 11. Be3 Nd7 12. Nd2 0-0 13. Qd1 b5 14. Nf3 Nf6 15. a3 e6 16. Qd2 Qe7 17. b4 Qc7 18. bxc5 dxc5 19. Bxc5 Rfd8 20. Qb2 Nd7 21. Be3 Nde5 22. Nxe5 Nxe5 23. Qc2 Nd7 24. Rec1 Rac8 25. d4 Nb6 26. Qb3 Nc4 27. Bg5 f6 28. Be3 Nxe3 29. Qxe6+ Kh8 30. fxe3 Qg3 31. Kh1 Rf8 32. Qxa6 Bh6 33. Qxb5 Bxe3 34. Qd3 Qf2 35. Be2 Bxc1 36. Rxc1 Qf4 37. Rf1 Qd6 38. c4 Rfd8 39. Rd1 Qf4 40. Bf3 Rc7 41. Qb3 Rcd7 42. Qc3 Rb8 43. c5 Rdb7 44. Qd2 Qxd2 45. Rxd2 Rb1+ 46. Kh2 Rc1 47. a4 Rb4 48. a5 Ra4 49. c6 Rxc6 50. e5 Rc8 51. e6 Rxa5 52. d5 Kg7 53. e7 Kf7 54. d6 Rh8 55. Re2 Re5 56. Rxe5 fxe5 57. Bd5+ Ke8 58. Bc6+ Kf7 59. Kg3 Ke6 60. e8Q+ Rxe8 61. Bxe8 Kxd6 62. Bf7 1-0

[Event "GER MS-182 email"]
[Site "GER email"]
[Date "2013.07.11"]
[Round "?"]
[White "Kuhn, Wilfried"]
[Black "Hebel, Erich"]
[Result "1/2-1/2"]
[WhiteElo "1911"]
[BlackElo "1963"]
[PlyCount "49"]
[EventDate "2013.07.19"]
[EventType "tourn (corr)"]
[EventRounds "6"]
[EventCountry "GER"]
[SourceTitle "Corr 2015"]
[Source "ChessBase"]
[SourceDate "2015.07.17"]
[SourceVersion "1"]
[SourceVersionDate "2015.07.17"]
[SourceQuality "1"]

1. d4 Nf6 2. c4 e6 3. g3 d5 4. Bg2 Be7 5. Nf3 0-0 6. 0-0 dxc4 7. Qc2 a6 8. a4 Bd7 9. Qxc4 Bc6 10. Bg5 Bd5 11. Qc2 Be4 12. Qc1 Nc6 13. Nbd2 Bg6 14. Nb3 h6 15. Bxf6 Bxf6 16. Rd1 Qe7 17. Nc5 b6 18. Nd7 Qxd7 19. Ne5 Nxe5 20. dxe5 Qxd1+ 21. Qxd1 Rad8 22. Qb3 Bxe5 23. a5 Rb8 24. axb6 Rxb6 25. Qe3 1/2-1/2

[Event "GER MS-182 email"]
[Site "GER email"]
[Date "2013.07.10"]
[Round "?"]
[White "Bender, Klaus"]
[Black "Kuhn, Wilfried"]
[Result "1-0"]
[WhiteElo "2107"]
[BlackElo "1911"]
[PlyCount "51"]
[EventDate "2013.07.19"]
[EventType "tourn (corr)"]
[EventRounds "6"]
[EventCountry "GER"]
[SourceTitle "Corr 2015"]
[Source "ChessBase"]
[SourceDate "2015.07.17"]
[SourceVersion "1"]
[SourceVersionDate "2015.07.17"]
[SourceQuality "1"]

1. d4 Nf6 2. Bf4 g6 3. Nc3 d6 4. Qd2 c6 5. e4 Bg7 6. Bh6 Bxh6 7. Qxh6 Qa5 8. Bd3 c5 9. d5 Nbd7 10. Nf3 b5 11. Bxb5 Rb8 12. Bxd7+ Bxd7 13. 0-0 Rxb2 14. Nd1 Rb4 15. Ng5 Rg8 16. Ne3 Qa3 17. Rad1 Qa6 18. c4 Rb2 19. Rde1 Qxa2 20. Nxh7 Nxe4 21. Qh4 f5 22. f3 Nc3 23. Nc2 Ne4 24. Ne3 Nc3 25. Ng5 Kd8 26. Nf7+ 1-0